[Event "Berliner Sommer"]
[Site "Berlin"]
[Date "1997.??.??"]
[Round "4"]
[White "Buhr, Carl Christian"]
[Black "Grabliauskas, Virginijus"]
[Result "0-1"]
[WhiteElo "2340"]
[BlackElo "2445"]

1.Nf3 Nf6 2.c4 e6 3.Nc3 d5 4.d4 c6 5.e3 Nbd7 6.Qc2 Bd6 7.Bd2 O-O 8.h3 b6
9.g4 dxc4 10.Bxc4 Bb7 11.g5 Nd5 12.Nxd5 cxd5 13.Bd3 f5 14.Bc3 Rc8 15.Qe2 Qe7
16.h4 e5 17.dxe5 Bxe5 18.Nd4 Nc5 19.Bc2 Ba6 20.Qd2 Ne4 21.Bxe4 fxe4 22.Nc6 Rxc6
23.Qxd5+ Qe6 24.Qxe5 Qxe5 25.Bxe5 Rc2 26.Rh2 Be2 27.a4 Rfc8 28.Bc3 Bf3 29.h5 Rc5
30.Rh3 Rxg5 31.Rg3 Rxg3 32.fxg3 Bxh5 33.Kf1 Kf7 34.Kg1 g5 35.a5 Bf3 36.axb6 axb6
37.Ra6 Rg2+ 38.Kf1 Rxg3 39.Rxb6 Rg2 40.Rb7+ Kg6 41.Rg7+ Kh6 42.Rd7 Re2 43.Bg7+ Kg6
44.Bd4 g4 45.b4 h5 46.Rd6+ Kf5 47.Rd5+ Ke6 48.Re5+ Kf6 49.Rxe4+ Kf7 50.Rf4+ Ke6
51.e4 Rxe4 52.Rxe4+ Bxe4 53.Kg1 g3  0-1

[Event "Berliner Sommer"]
[Site "Berlin"]
[Date "1997.??.??"]
[Round "6"]
[White "Golod, Vitali"]
[Black "Goloshchapov, Alexander"]
[Result "1-0"]
[WhiteElo "2515"]
[BlackElo "2400"]

1.d4 d5 2.c4 e6 3.Nf3 c6 4.e3 Nf6 5.Nc3 Nbd7 6.Qc2 Bd6 7.Bd3 dxc4 8.Bxc4 b5
9.Bd3 Bb7 10.O-O O-O 11.Kh1 b4 12.Ne4 Nxe4 13.Bxe4 f5 14.Bd3 c5 15.Qe2 Qf6
16.Rd1 Rad8 17.e4 c4 18.Bxc4 fxe4 19.Ng5 Rde8 20.Nxe4 Bxe4 21.Qxe4 Qxf2 22.Be3 Qf7
23.Rf1 Nf6 24.Qh4 Qg6 25.Rad1 Nd5 26.Rxf8+ Rxf8 27.Bd3 Qxd3 28.Rxd3 Nxe3
29.Qe1 Rf1+ 30.Qxf1 Nxf1 31.g3 e5 32.dxe5 Bxe5 33.Kg2 Nxh2 34.Kxh2 Bxb2 35.Rd7 h5
36.Rxa7 Kh7 37.Rb7 Bc3 38.Rc7 Bf6 39.Rc6 Bg5 40.Kg2 Bd8 41.Kf3 Bg5 42.Re6 Bc1
43.Re4 Ba3 44.Rc4 Kh6 45.Kf4 g6 46.Rc2 g5+ 47.Kf5  1-0

[Event "Berliner Sommer"]
[Site "Berlin"]
[Date "1997.??.??"]
[Round "7"]
[White "Kohler, Thomas"]
[Black "Vul, Arkadi Eremeevich"]
[Result "1/2-1/2"]
[WhiteElo "2250"]
[BlackElo "2395"]

1.d4 d5 2.c4 e6 3.Nc3 c6 4.e3 Nf6 5.Nf3 Nbd7 6.Qc2 Bd6 7.Bd3 O-O 8.O-O dxc4
9.Bxc4 e5 10.h3 Qc7 11.a3 Re8 12.Ba2 exd4 13.exd4 Nf8 14.Bg5 Nh5 15.Rac1 Be6
16.d5 cxd5 17.Nxd5 Qxc2 18.Rxc2 Nf4 19.Nxf4 Bxf4 20.Bxf4 Bxa2 21.Nd4 Rad8  1/2-1/2

[Event "Berliner Sommer"]
[Site "Berlin"]
[Date "1997.??.??"]
[Round "8"]
[White "Epishin, Vladimir"]
[Black "Mukhametov, Eldar"]
[Result "1-0"]
[WhiteElo "2570"]
[BlackElo "2475"]

1.d4 d5 2.c4 c6 3.Nc3 Nf6 4.Nf3 e6 5.e3 Nbd7 6.Qc2 a6 7.b3 Bd6 8.Be2 e5 9.dxe5 Nxe5
10.O-O Bg4 11.Nd4 Bxe2 12.Ncxe2 O-O 13.Nf5 Bc7 14.cxd5 cxd5 15.Bb2 Re8 16.Rac1 Bb6
17.Bd4 Bxd4 18.Nfxd4 Rc8 19.Qxc8 Qxc8 20.Rxc8 Rxc8 21.f3 h5 22.Rd1 g6 23.Kf2 Nc6
24.Rc1 Ne7 25.Rxc8+ Nxc8 26.Nf4 Kf8 27.Nd3 Nd7 28.h4 f5 29.Ne6+ Kg8 30.Nec5 Nxc5
31.Nxc5 Nd6 32.Ke2 Kf7 33.Kd3 f4 34.e4 dxe4+ 35.fxe4 Kf6 36.b4 g5 37.hxg5+ Kxg5
38.e5 Nf5 39.Ke4 Kg4 40.e6 h4 41.Nd3 Nd6+ 42.Ke5 Nc4+ 43.Kd5 Nb6+ 44.Ke4 Nc8
45.Nxf4 Nd6+ 46.Ke5 Nc4+ 47.Kd5 Nb6+ 48.Ke4 Nc8 49.Ne2 Ne7 50.Ke5 Kg5 51.Nd4 Kg4
52.Kd6  1-0

[Event "Berliner Sommer"]
[Site "Berlin"]
[Date "1997.??.??"]
[Round "9"]
[White "Buhr, Carl Christian"]
[Black "Gschwendtner, Klaus"]
[Result "1-0"]
[WhiteElo "2340"]
[BlackElo "2175"]

1.Nf3 d5 2.d4 Nf6 3.c4 e6 4.Nc3 c6 5.e3 Nbd7 6.Bd3 Bd6 7.O-O O-O 8.b3 e5
9.cxd5 cxd5 10.Nb5 Bb8 11.dxe5 Nxe5 12.Be2 Nxf3+ 13.Bxf3 a6 14.Nd4 Qd6 15.g3 Bh3
16.Re1 Ne4 17.Bb2 f5 18.Ne2 Bg4 19.Bg2 Ba7 20.Qd3 Rad8 21.f3 Qh6 22.Bd4 Bxd4
23.Nxd4 Rd6 24.fxg4 fxg4 25.Rf1 Nf2 26.Rxf2 Rxf2 27.Kxf2  1-0

[Event "Biel op MTO"]
[Site "Biel"]
[Date "1997.??.??"]
[Round "3"]
[White "Lputian, Smbat G"]
[Black "Kundin, Alexander"]
[Result "1-0"]
[WhiteElo "2585"]
[BlackElo "2305"]

1.d4 d5 2.c4 c6 3.Nc3 Nf6 4.e3 e6 5.Nf3 Nbd7 6.Bd3 dxc4 7.Bxc4 b5 8.Be2 b4
9.Na4 Be7 10.O-O O-O 11.Bd2 Ne4 12.Qc2 Nxd2 13.Nxd2 Bb7 14.Bf3 Rc8 15.Nb3 e5
16.Rfd1 exd4 17.exd4 Nf6 18.Nac5 Ba8 19.a3 Nd5 20.axb4 Qc7 21.Ra4 Bd6 22.g3 Rfe8
23.Rda1 Qb8 24.Rxa7 Qxb4 25.Bxd5 cxd5 26.Qf5 Rf8 27.Rxf7 Bxc5 28.Nxc5 Rxf7
29.Qxc8+ Rf8 30.Qe6+ Kh8 31.Qf5 Rg8 32.Ne6  1-0

[Event "Biel op MTO"]
[Site "Biel"]
[Date "1997.??.??"]
[Round "7"]
[White "Nemet, Ivan"]
[Black "Rasch, Holger"]
[Result "1/2-1/2"]
[WhiteElo "2395"]
[BlackElo "2250"]

1.d4 d5 2.Nf3 c6 3.e3 Nf6 4.c4 e6 5.Nc3 Nbd7 6.Qc2 Bd6 7.Be2 O-O 8.O-O Re8
9.Rd1 Qe7 10.b3 b6 11.e4 Nxe4 12.Nxe4 dxe4 13.Qxe4 Bb7 14.Bf4 Bxf4 15.Qxf4 e5
16.dxe5 Nxe5 17.Nxe5 Qxe5 18.Qxe5 Rxe5 19.Bf3 Rae8 20.h4 f6 21.b4 R8e7 22.Rd8+ Kf7
23.Rad1 c5 24.Bxb7 Rxb7 25.bxc5 Rxc5 26.R1d7+ Rxd7 27.Rxd7+ Kg6 28.Rxa7 Rxc4  1/2-1/2

[Event "Biel op MTO"]
[Site "Biel"]
[Date "1997.??.??"]
[Round "11"]
[White "Foisor, Cristina Adela B"]
[Black "Kundin, Alexander"]
[Result "1-0"]
[WhiteElo "2415"]
[BlackElo "2305"]

1.c4 c6 2.Nf3 d5 3.e3 Nf6 4.Nc3 e6 5.d4 Nbd7 6.Qc2 Bd6 7.Be2 O-O 8.O-O dxc4
9.Bxc4 b5 10.Be2 Bb7 11.Rd1 Qe7 12.h3 a6 13.e4 e5 14.dxe5 Nxe5 15.Nd4 g6
16.f4 Bc5 17.fxe5 Qxe5 18.Be3 Rad8 19.Qd3 b4 20.Na4 Ba7 21.Qc4 Nxe4 22.Rd3 Nd6
23.Qc1 Nb5 24.Nc2 c5 25.Rxd8 Rxd8 26.Ne1 Nd4 27.Bxd4 Qxd4+ 28.Kh1 Qd7 29.Bf3 Bxf3
30.Nxf3 Qxa4 31.b3 Qc6 32.Qc4 Qb5 33.Qh4 Qd3 34.Re1 c4 35.Ne5 Qd4 36.Qe7 Rf8
37.Nc6 Qc5 38.Nxa7 Qxe7 39.Rxe7 cxb3 40.axb3 Rd8 41.Rb7 a5 42.Nc6 Ra8 43.Ra7 Rxa7
44.Nxa7 Kf8 45.Kg1 Ke8 46.Kf2 Kd7 47.Ke3 Kd6 48.Kd4 f5 49.Nb5+ Ke6 50.Nc7+ Kd6
51.Nd5 g5 52.Ne3 f4 53.Nc4+ Ke6 54.Ke4  1-0

[Event "Bled op18th"]
[Site "Bled"]
[Date "1997.??.??"]
[Round "5"]
[White "Stohl, Igor"]
[Black "Nikolov, Sasho"]
[Result "1/2-1/2"]
[WhiteElo "2580"]
[BlackElo "2370"]

1.c4 e6 2.Nc3 d5 3.d4 c6 4.e3 Nf6 5.Nf3 Nbd7 6.Bd3 Be7 7.O-O O-O 8.e4 dxe4
9.Nxe4 c5 10.dxc5 Nxc5 11.Nxc5 Bxc5 12.Qe2 b6 13.Bg5 Bb7 14.Rfd1 Qc7 15.Bxf6 gxf6
16.Be4 Rfd8 17.Bxb7 Qxb7 18.Kf1 Qc7 19.b3 Rxd1+ 20.Rxd1 Rd8 21.Rxd8+ Qxd8
22.Qd2 Qxd2 23.Nxd2 f5 24.Ke2 Kf8 25.Nf3 f6 26.Ne1 Ke7 27.Nc2 Kd7 28.b4 Bd6
29.h3 f4 30.a3 e5 31.Kd3 f5 32.f3 Ke6 33.Na1 Kf6 34.Nb3 Kg5 35.c5 bxc5 36.bxc5 Bc7
37.Kc4 e4 38.Nd4 Kf6 39.Kd5 e3 40.Kc6 Be5 41.Ne2 Ke6 42.a4 a5 43.Kb6 Kd5
44.c6 Kc4 45.c7 Bxc7+ 46.Kxc7 Kb4 47.Kd6 Kxa4 48.Ke5 Kb3 49.Kxf4 a4 50.Kxe3 a3
51.Kd3 Kb2 52.Nc3 f4 53.h4 Kb3 54.Kd4 Kb4 55.h5 h6 56.Kd3 Kb3 57.Ne2 Kb2
58.Nc3 Kb3 59.Kd4 Kb4 60.Na2+ Kb3 61.Nc3  1/2-1/2

[Event "Bogota Telecom"]
[Site "Bogota"]
[Date "1997.??.??"]
[Round "3"]
[White "Ramirez, Carlos"]
[Black "Garcia, Am"]
[Result "1/2-1/2"]
[WhiteElo "2320"]
[BlackElo "2315"]

1.d4 Nf6 2.c4 c6 3.Nc3 d5 4.Nf3 e6 5.e3 Nbd7 6.b3 Bd6 7.Be2 O-O 8.Qc2 Re8
9.O-O Qe7 10.Rd1 dxc4 11.bxc4 e5 12.h3 e4 13.Nd2 c5 14.Nf1 a6 15.Rb1 Nb8
16.Na4 Nbd7 17.Bb2 Rb8 18.Qd2 Bc7 19.dxc5 Nxc5 20.Ba3 b6 21.Nxc5 bxc5 22.Rxb8 Bxb8
23.Qa5 Ba7 24.Ng3 h6 25.Bf1 Qe5 26.Rd2 Kh7 27.Bb2 Qe6 28.Qc3 Kg8 29.Be2 Bb8
30.Bg4 Qc6 31.Bxc8 Qxc8 32.Rd5 Bxg3 33.fxg3 Rd8 34.Qe5 Rxd5 35.cxd5 c4 36.d6 Qd7
37.Qc5 Ne8 38.Ba3 Qe6 39.Qc6 c3 40.Qa8 Kh7 41.Qxa6 c2 42.Qc6 Nxd6 43.Qxc2 Nf5
44.Qf2 h5 45.Qf4 Kg8 46.Bc5 Qd5 47.g4 Nh4 48.Bd4 Qxa2 49.Qxe4 Qe6  1/2-1/2

[Event "Doprastav op"]
[Site "Bratislava"]
[Date "1997.??.??"]
[Round "6"]
[White "Machalova, Maria"]
[Black "Feiler, Peter"]
[Result "1-0"]
[WhiteElo "1870"]
[BlackElo "1655"]

1.c4 Nf6 2.Nc3 e6 3.d4 d5 4.e3 c6 5.Nf3 Bd6 6.Bd3 Nbd7 7.O-O O-O 8.Qc2 e5
9.dxe5 Nxe5 10.Nxe5 Bxe5 11.cxd5 cxd5 12.Rd1 Qe7 13.Be2 Rd8 14.Nb5 Bd7 15.Nd4 Rac8
16.Qb3 Bxd4 17.Rxd4 Be6 18.Bd2 Rc6 19.Bc3 Ne4 20.Bf3 Nxc3 21.bxc3 Rdc8 22.Rc1 Qc7
23.h3 Rb6 24.Qc2 Qc5 25.Qd2 Rd6 26.e4 g6 27.exd5 Bd7 28.c4 b5 29.Be2 f5 30.Rd1 a6
31.Qa5 Kf7 32.Qd2 Kg7 33.Qg5 Re8 34.Bf1 h6 35.Qg3 g5 36.Qc3 Kg6 37.Rc1 b4
38.Qb2 a5 39.Rdd1 Rc8 40.Qd4 Qxd4 41.Rxd4 Rc5 42.Rdd1 Kf6 43.Re1 a4 44.Rb1 Rb6
45.g3 f4 46.g4 b3 47.axb3 axb3 48.Rb2 Rc8 49.Kg2 Rc7 50.Kf3 Bc8 51.Reb1 Ba6
52.Rxb3 Rxb3+ 53.Rxb3 Bxc4 54.Rb6+ Ke5 55.Bxc4 Rxc4 56.Rxh6 Rc3+ 57.Kg2 Kxd5
58.Rh5  1-0

[Event "Bratto op"]
[Site "Bratto"]
[Date "1997.??.??"]
[Round "3"]
[White "Ortega, Lexy"]
[Black "Guido, Flavio"]
[Result "0-1"]
[WhiteElo "2460"]
[BlackElo "2300"]

1.d4 d5 2.c4 e6 3.Nf3 Nf6 4.Nc3 c6 5.e3 Nbd7 6.Qc2 Bd6 7.Bd3 O-O 8.O-O dxc4
9.Bxc4 b5 10.Be2 Bb7 11.Bd2 a6 12.e4 e5 13.dxe5 Nxe5 14.Rad1 Qc7 15.Nxe5 Bxe5
16.f4 Bd4+ 17.Kh1 b4 18.e5 bxc3 19.bxc3 Bxe5 20.fxe5 Qxe5 21.Bf4 Qe6 22.Bd3 c5
23.Rde1 Qd5 24.c4 Qc6 25.Be5 Rad8 26.Re3 Rfe8 27.Bxf6 Rxe3 28.Bxh7+ Kh8 29.Bxd8 Qe8
30.Qb2 Bc6 31.Rg1 Qxd8 32.Bb1 Qd6 33.Qf2 Rh3  0-1

[Event "Bratto op"]
[Site "Bratto"]
[Date "1997.??.??"]
[Round "3"]
[White "Farago, Ivan"]
[Black "Ranieri, Fabrizio"]
[Result "1-0"]
[WhiteElo "2470"]
[BlackElo "2125"]

1.d4 d5 2.c4 e6 3.Nc3 c6 4.e3 Nf6 5.Nf3 Bd6 6.Bd3 Nbd7 7.O-O O-O 8.Qc2 dxc4
9.Bxc4 e5 10.h3 h6 11.Bd2 exd4 12.exd4 Nb6 13.Bb3 Nbd5 14.Rae1 Be6 15.Na4 Qc8
16.Ne5 Bf5 17.Qd1 Ne4 18.Bc1 f6 19.Nd3 Kh8 20.Nac5 Nxc5 21.dxc5 Bc7 22.Qf3 Qd7
23.Rd1 Rfe8 24.Nb4 Be4 25.Qh5 Qe7 26.Nxd5 cxd5 27.Bxd5 Rad8 28.Be3 f5 29.Bxe4 Qxe4
30.Rxd8 Rxd8 31.Qf7 Qe5 32.g3 Rd3 33.Bf4  1-0

[Event "Bratto op"]
[Site "Bratto"]
[Date "1997.??.??"]
[Round "7"]
[White "Ortega, Lexy"]
[Black "Lagrotteria, Salvatore"]
[Result "1-0"]
[WhiteElo "2460"]
[BlackElo "2215"]

1.d4 d5 2.c4 c6 3.Nc3 Nf6 4.e3 e6 5.Nf3 Nbd7 6.Qc2 Bd6 7.Bd3 O-O 8.O-O dxc4
9.Bxc4 e5 10.Bb3 exd4 11.exd4 Qa5 12.Bg5 h6 13.Bxh6 Qh5 14.Bd2 Nb6 15.Ne4 Bf5
16.Nxf6+ gxf6 17.Qc1 Nd5 18.Bxd5 cxd5 19.Bf4 Rac8 20.Qd2 Rc2 21.Qe3 Bxf4
22.Qxf4 Qg4 23.Qd6 Kg7 24.h3 Qe4 25.Rae1 Re2 26.Rxe2 Qxe2 27.Re1 Qxb2 28.Qxd5 Be6
29.Qd6 Rc8 30.Rxe6 Rc1+ 31.Re1  1-0

[Event "NLD-chT f 3/4 (SMB-LSG)"]
[Site "Breda"]
[Date "1997.??.??"]
[Round "2"]
[White "Van Gisbergen, Stan"]
[Black "Roobol, Martin"]
[Result "1-0"]
[WhiteElo "2260"]
[BlackElo "2365"]

1.d4 d5 2.c4 c6 3.Nc3 Nf6 4.e3 e6 5.Nf3 Nbd7 6.Qc2 Bd6 7.b3 O-O 8.Be2 Qe7
9.O-O b6 10.Bb2 Bb7 11.e4 dxe4 12.Nxe4 Nxe4 13.Qxe4 f5 14.Qe3 c5 15.Rad1 Rae8
16.Qc3 Bb8 17.Rfe1 Rf6 18.dxc5 Nxc5 19.Ne5 Rh6 20.Qe3 f4 21.Qxf4 Rf8 22.Qe3 Qh4
23.Qg3 Qe7 24.Bd3 Rh5 25.f4 Qf6 26.Bc2 Qxf4 27.Qxf4 Rxf4 28.Rd8+ Rf8 29.Rxf8+ Kxf8
30.b4 Bxe5 31.Bxe5 Nd7 32.Bd6+ Kf7 33.Bb3 Rf5 34.c5 Rf6 35.Ba4 Bc8 36.c6 Nf8
37.b5 Ng6 38.Bb8 a6 39.Bc7 Rf5 40.bxa6 Ra5 41.Bb3 Rxa6 42.Rf1+ Ke7 43.Rd1 b5
44.Rd8 Ra8 45.Bb6 Nf4 46.c7 Nd5 47.Bc5+ Kf6 48.Bxd5 exd5 49.a3 Ke5 50.Re8+ Kf6
51.Kf2 Kf7 52.Rd8 Ke6 53.Ke3 Kf7 54.Bb4 Kf6 55.Kd4 Ke6 56.Kc5 Kf5 57.Rxd5+ Ke4
58.Rd8 Ke3 59.Kxb5 Kf2 60.Rxc8 Rxc8 61.Kb6 Kxg2 62.Kb7 Rxc7+ 63.Kxc7 Kxh2  1-0

[Event "Ciocaltea mem"]
[Site "Bucharest"]
[Date "1997.??.??"]
[Round "1"]
[White "Kiselev, Sergey"]
[Black "Cosma, Ioan"]
[Result "1-0"]
[WhiteElo "2485"]
[BlackElo "2495"]

1.d4 d5 2.c4 e6 3.Nf3 c6 4.e3 Nf6 5.Nc3 Nbd7 6.Qc2 Bd6 7.Be2 O-O 8.O-O Re8
9.Bd2 a6 10.Rfd1 Qe7 11.Rac1 Qf8 12.a3 b6 13.e4 Nxe4 14.Nxe4 dxe4 15.Qxe4 Bb7
16.Bf4 f6 17.Bxd6 Qxd6 18.c5 Qc7 19.Bc4 Nf8 20.Ba2 Kh8 21.Re1 Rad8 22.Qc2 Bc8
23.Qc3 Bd7 24.Re3 bxc5 25.Qxc5 Rb8 26.Qc3 Ng6 27.g3 a5 28.Rce1 Qc8 29.R1e2 a4
30.h4 Nf8 31.Nd2 Qc7 32.Ne4 e5 33.Nc5 Bg4 34.Na6 Qc8 35.Nxb8 Bxe2 36.Rxe2 Qxb8
37.dxe5 fxe5 38.Qxc6 h6 39.Qxa4 Nh7 40.Bf7 Rc8 41.Qe4 Nf6 42.Qe3 Rf8 43.Be6 e4
44.Qc5 Re8 45.Bh3 Qb3 46.Qe3 Qd1+ 47.Re1 Qc2 48.Qd4 Qc7 49.b4 Qc2 50.b5 e3
51.Rxe3 Ne4  1-0

[Event "Ciocaltea mem"]
[Site "Bucharest"]
[Date "1997.??.??"]
[Round "10"]
[White "Notkin, Maksim"]
[Black "Cosma, Ioan"]
[Result "1-0"]
[WhiteElo "2515"]
[BlackElo "2495"]

1.d4 d5 2.c4 c6 3.Nf3 Nf6 4.Nc3 e6 5.e3 Nbd7 6.Bd3 dxc4 7.Bxc4 b5 8.Bd3 a6
9.e4 c5 10.d5 c4 11.Bc2 Qc7 12.dxe6 fxe6 13.O-O Bb7 14.Nd4 Nc5 15.Qe2 O-O-O
16.Be3 e5 17.Nf3 Ne6 18.Rad1 Bc5 19.Nd5 Nxd5 20.exd5 Nd4 21.Nxd4 exd4 22.Bxd4 Rxd5
23.Bxc5 Qxc5 24.Qg4+ Kb8 25.Qxg7 Re8 26.h4 Rde5 27.Qg3 Qc7 28.Rd2 R8e7 29.f3 Bc6
30.Rfd1 Kb7 31.Qf2 Qa5 32.a3 c3 33.bxc3 Qxc3 34.Be4 Bxe4 35.fxe4 Qc7 36.Rc2 Qb6
37.Qxb6+ Kxb6 38.Rd6+ Kb7 39.Rcc6 Rxe4 40.Rxa6 Rxh4 41.Rdb6+ Kc7 42.Rxb5 Re2
43.Rg5 Kb7 44.Rf6 Re7 45.Rgf5 Re3 46.Rg5 Re7 47.Rg3 Ra4 48.Rh6 Kc7 49.Rd3 Kc8
50.Kh2 Rae4 51.g3 Re1 52.Kg2 Rc1 53.Rh4 Rc5 54.Rdd4 Rec7 55.a4 h5 56.Kh3 Kb7
57.Rb4+ Ka7 58.Rhf4 Rc3 59.Rf5 R7c5 60.Rxc5 Rxc5 61.Rb5  1-0

[Event "Honved-B"]
[Site "Budapest"]
[Date "1997.??.??"]
[Round "2"]
[White "Izsak, Gyula"]
[Black "Acs, Peter"]
[Result "1-0"]
[WhiteElo "2400"]
[BlackElo "2420"]

1.d4 d5 2.c4 c6 3.Nc3 Nf6 4.e3 e6 5.Nf3 Nbd7 6.Bd3 dxc4 7.Bxc4 b5 8.Bd3 a6
9.e4 c5 10.d5 e5 11.O-O c4 12.Bc2 Bd6 13.Ne2 Nc5 14.Ng3 a5 15.Be3 Qc7 16.Rc1 O-O
17.Nh4 g6 18.Qd2 Ng4 19.Bxc5 Bxc5 20.h3 Qe7 21.Nf3 Nf6 22.a4 b4 23.Bd1 Ba6
24.Be2 Rfc8 25.Qh6 Bd6 26.Nh4 Qf8 27.Qg5 Ne8 28.Nhf5 f6 29.Qg4 Bc5 30.b3 Kh8
31.Ne3 Bxe3 32.fxe3 Qc5 33.Bxc4 Qxe3+ 34.Kh2 Bxc4 35.Rxc4 Rxc4 36.bxc4 Qc5
37.Qe6 Qxc4 38.Qf7 Ng7 39.Qxf6 Qc5 40.d6 Rg8 41.Rd1 Qc2 42.Rd5  1-0

[Event "Budapest FS02 GM"]
[Site "Budapest"]
[Date "1997.??.??"]
[Round "3"]
[White "Lingnau, Carsten"]
[Black "Tyomkin, Dimitri"]
[Result "1-0"]
[WhiteElo "2395"]
[BlackElo "2450"]

1.Nf3 d5 2.d4 c6 3.c4 Nf6 4.Nc3 e6 5.e3 Nbd7 6.Qc2 Bd6 7.Bd3 dxc4 8.Bxc4 O-O
9.O-O e5 10.Bd2 Qe7 11.Bb3 Bb8 12.h3 a5 13.Rad1 Ra6 14.Rfe1 b5 15.a3 Bd6
16.e4 b4 17.axb4 axb4 18.Ne2 c5 19.Ng3 g6 20.Bh6 cxd4 21.Bxf8 Qxf8 22.Ng5 Nc5
23.Nxf7 Kg7 24.Bc4 Ra7 25.Nxd6 Qxd6 26.Qd2 Be6 27.Bxe6 Nxe6 28.Ra1 Rb7 29.Ra4 d3
30.Rd1 Nf4 31.Qe3 Nd7 32.Ra7 Rxa7 33.Qxa7 Qd4 34.Qxd4 exd4 35.Nf1 Ne2+ 36.Kh2 Nc5
37.Nd2 Nc3 38.Re1 b3 39.e5 Kf7 40.e6+ Ke7 41.Re5 N3a4 42.Rd5 Kxe6 43.Rxd4 Nxb2
44.Rb4 Nd1 45.Kg1 Nc3 46.Kf1 Kd5 47.Ke1 Na2 48.Rb8 Nc1 49.Kd1 Ne2 50.Nxb3 Nxb3
51.Rxb3 Nf4 52.Rb5+ Ke4 53.Rg5 h6 54.Rg4 g5 55.Kd2 Kf5 56.Ke3 Ke5 57.Rxf4 gxf4+
58.Kxd3 Kd5 59.f3 Ke5 60.Kc4 Kf5 61.h4  1-0

[Event "Budapest FS02 GM"]
[Site "Budapest"]
[Date "1997.??.??"]
[Round "6"]
[White "Lukacs, Peter"]
[Black "Siegel, Georg"]
[Result "1-0"]
[WhiteElo "2470"]
[BlackElo "2480"]

1.d4 d5 2.c4 c6 3.Nc3 Nf6 4.e3 e6 5.Nf3 Nbd7 6.Bd3 dxc4 7.Bxc4 b5 8.Bd3 a6
9.e4 c5 10.d5 c4 11.dxe6 fxe6 12.Bc2 Qc7 13.Nd4 Nc5 14.O-O Bb7 15.Be3 O-O-O
16.Qe2 e5 17.Nf3 Ne6 18.Rad1 Bc5 19.Nd5 Nxd5 20.exd5 Nf4 21.Bxf4 exf4 22.Bf5+ Kb8
23.Be6 Rhe8 24.Qc2 g6 25.a4 Rd6 26.Ng5 Ba7 27.axb5 axb5 28.Qc3 Ra6 29.Rfe1 Bc5
30.Ne4 Rd8 31.Ra1 Rxa1 32.Rxa1 Bb6 33.Rd1 Bc5 34.Qd2 Bd6 35.Nxd6 Qxd6 36.Qa5 Re8
37.Ra1 Qc5 38.Qd2 Qd6 39.Qd4 Kc7 40.Rd1 Kb8 41.h4 Rd8 42.Ra1 f3 43.gxf3 Kc7
44.Ra5 Qb4 45.Ra7 Qe7 46.Qe5+  1-0

[Event "Budapest FS02 GM"]
[Site "Budapest"]
[Date "1997.??.??"]
[Round "6"]
[White "Farago, Ivan"]
[Black "Tyomkin, Dimitri"]
[Result "1/2-1/2"]
[WhiteElo "2440"]
[BlackElo "2450"]

1.d4 d5 2.c4 c6 3.Nf3 Nf6 4.Nc3 e6 5.e3 Nbd7 6.Qc2 Bd6 7.Be2 O-O 8.O-O Qe7
9.h3 dxc4 10.Bxc4 e5 11.Bd2 Bb8 12.Bb3 h6 13.Nh4 Rd8 14.Nf5 Qe8 15.Ne4 Nxe4
16.Qxe4 Nf8  1/2-1/2

[Event "Honved-B"]
[Site "Budapest"]
[Date "1997.??.??"]
[Round "6"]
[White "Horvath, Csaba"]
[Black "Wegerer, Fred"]
[Result "1-0"]
[WhiteElo "2485"]
[BlackElo "2320"]

1.d4 Nf6 2.c4 e6 3.Nf3 d5 4.Nc3 c6 5.e3 Nbd7 6.Bd3 dxc4 7.Bxc4 b5 8.Bd3 a6
9.e4 c5 10.d5 c4 11.dxe6 cxd3 12.exd7+ Qxd7 13.O-O Bb7 14.Re1 Be7 15.e5 Nd5
16.Ne4 O-O 17.Qxd3 Qg4 18.a3 Rad8 19.Nfg5 h6 20.h3 Qxg2+ 21.Kxg2 Nf4+ 22.Bxf4 Rxd3
23.Nf3 f5 24.exf6 Bxf6 25.Ne5 Bxe5 26.Bxe5 Rd2 27.Kg1 Rc2 28.f4 Rfc8 29.Re3 R8c4
30.Rae1 g5 31.f5 b4 32.axb4 Rxb4 33.Bc3 Rb5 34.Nf6+  1-0

[Event "Budapest FS02 GM"]
[Site "Budapest"]
[Date "1997.??.??"]
[Round "7"]
[White "Siegel, Georg"]
[Black "Somlai, Laszlo"]
[Result "1-0"]
[WhiteElo "2480"]
[BlackElo "2360"]

1.d4 d5 2.c4 c6 3.Nf3 Nf6 4.Nc3 e6 5.e3 Nbd7 6.Qc2 Bd6 7.Bd3 O-O 8.O-O dxc4
9.Bxc4 b5 10.Be2 Bb7 11.Rd1 Qc7 12.Bd2 Rfc8 13.Rac1 a6 14.Qb1 Qd8 15.a4 Qe7
16.Ng5 h6 17.Nge4 Nxe4 18.Nxe4 bxa4 19.Nxd6 Qxd6 20.Bc3 Qe7 21.Qa1 c5 22.Qxa4 cxd4
23.Qxd4 Nf6 24.f3 Rd8 25.Qe5 Rxd1+ 26.Rxd1 Rd8 27.Ra1 Qd6 28.Qa5 Nd5 29.Rd1 Rc8
30.e4 Qb6+ 31.Qxb6 Nxb6 32.Rd6 Na4 33.Bd4 Kf8 34.Kf2 Ke7 35.e5 Rc2 36.Ke3 Bd5
37.Bd1 Rc4 38.b3 Rc1 39.Kd2 Rxd1+ 40.Kxd1 Bxb3+ 41.Kd2 Bc4 42.Rc6 Bb5 43.Rc7+ Kf8
44.Kc2  1-0

[Event "Budapest FS02 GM"]
[Site "Budapest"]
[Date "1997.??.??"]
[Round "9"]
[White "Lingnau, Carsten"]
[Black "Lukacs, Peter"]
[Result "1/2-1/2"]
[WhiteElo "2395"]
[BlackElo "2470"]

1.Nf3 d5 2.d4 Nf6 3.c4 c6 4.Nc3 e6 5.e3 Nbd7 6.Qc2 Bd6 7.Bd3 O-O 8.O-O dxc4
9.Bxc4 a6 10.Rd1 Qe7 11.a4 c5 12.h3 b6 13.dxc5 Bxc5 14.Bd3 Bb7  1/2-1/2

[Event "Honved-B"]
[Site "Budapest"]
[Date "1997.??.??"]
[Round "10"]
[White "Varga, Zoltan"]
[Black "Horvath, Csaba"]
[Result "1/2-1/2"]
[WhiteElo "2455"]
[BlackElo "2485"]

1.c4 Nf6 2.Nc3 e6 3.Nf3 d5 4.d4 c6 5.e3 Nbd7 6.Bd3 dxc4 7.Bxc4 b5 8.Bd3 Bb7
9.O-O a6 10.e4 c5 11.d5 c4 12.dxe6 cxd3 13.exd7+ Qxd7 14.Ne5 Qd4 15.Nf3 Qd7
16.Ne5  1/2-1/2

[Event "Honved"]
[Site "Budapest"]
[Date "1997.??.??"]
[Round "10"]
[White "Petran, Pal"]
[Black "Baumegger, Siegfried"]
[Result "0-1"]
[WhiteElo "2425"]
[BlackElo "2360"]

1.d4 Nf6 2.c4 e6 3.Nf3 d5 4.Nc3 c6 5.e3 Nbd7 6.Bd3 dxc4 7.Bxc4 b5 8.Bd3 a6
9.e4 c5 10.d5 c4 11.Bc2 e5 12.O-O Bd6 13.Qe2 O-O 14.a4 b4 15.Nd1 a5 16.Nd2 b3
17.Bb1 Ba6 18.Nc3 Bb4 19.Nf3 Bxc3 20.bxc3 Re8 21.Be3 Rc8 22.Nd2 Nc5 23.f3 Nfd7
24.Rd1 Qc7 25.Qf2 f6 26.Nf1 Qd6 27.Ng3 g6 28.h4 Nb6 29.Bxc5 Qxc5 30.Nf1 Qxf2+
31.Kxf2 Rcd8 32.Ne3 Nc8 33.Rd2 Nd6 34.g4 Kg7 35.Kg3 Rh8 36.Rh2 h5 37.Rh1 Bc8
38.Rh2 Kf7 39.Rh1 g5  0-1

[Event "Budapest FS02 GM"]
[Site "Budapest"]
[Date "1997.??.??"]
[Round "10"]
[White "Lukacs, Peter"]
[Black "Tyomkin, Dimitri"]
[Result "1/2-1/2"]
[WhiteElo "2470"]
[BlackElo "2450"]

1.d4 d5 2.c4 c6 3.Nf3 Nf6 4.Nc3 e6 5.e3 Nbd7 6.Bd3 dxc4 7.Bxc4 b5 8.Bd3 a6
9.e4 c5 10.d5 c4 11.dxe6 fxe6 12.Bc2 Qc7 13.O-O Bc5 14.Kh1 Bb7 15.Ng5 Qc6
16.f4 O-O 17.Qe2 h6 18.Nf3 b4  1/2-1/2

[Event "Budapest FS04 GM"]
[Site "Budapest"]
[Date "1997.??.??"]
[Round "11"]
[White "Lukacs, Peter"]
[Black "Acs, Peter"]
[Result "1/2-1/2"]
[WhiteElo "2470"]
[BlackElo "2420"]

1.d4 d5 2.c4 c6 3.Nc3 Nf6 4.e3 e6 5.Nf3 Nbd7 6.Bd3 dxc4 7.Bxc4 b5 8.Bd3 a6
9.e4 c5 10.d5 e5 11.b3 c4 12.bxc4 Bb4 13.Bd2 bxc4 14.Bc2 O-O 15.O-O a5 16.a3 Bd6
17.Na4 Ba6 18.Bc3 Qc7 19.Re1 Bb5 20.Nh4 g6 21.Qf3 Qd8 22.Bd2 Ne8 23.Qg3 Ng7
24.Nc3 Ba6 25.Bd1 Be7 26.Nf3 f6 27.Bh6 Rf7 28.Nd2 Nc5 29.Be2 Nd3 30.Reb1 Bc5
31.Be3 Rc8 32.Bxc5  1/2-1/2

[Event "Budapest FS06 GM"]
[Site "Budapest"]
[Date "1997.??.??"]
[Round "13"]
[White "Hoang Than Trang"]
[Black "Dao Thien Hai"]
[Result "1/2-1/2"]
[WhiteElo "2355"]
[BlackElo "2555"]

1.d4 d5 2.c4 e6 3.Nc3 c6 4.e3 Nf6 5.Nf3 Nbd7 6.Qc2 Bd6 7.Be2 O-O 8.O-O dxc4
9.Bxc4 Qe7 10.Rd1 e5  1/2-1/2

[Event "Najdorf op"]
[Site "Buenos Aires"]
[Date "1997.??.??"]
[Round "8"]
[White "Minzer, Claudio Javier"]
[Black "Kanefsck, Gustavo"]
[Result "1/2-1/2"]
[WhiteElo "2430"]
[BlackElo "2350"]

1.d4 d5 2.c4 c6 3.Nc3 Nf6 4.e3 e6 5.Nf3 Nbd7 6.Qc2 Bd6 7.Be2 O-O 8.O-O Qe7
9.Rd1 Re8 10.h3 h6 11.a3 a6 12.b3 dxc4 13.bxc4 e5 14.c5 Bc7 15.Rb1 e4 16.Nd2 Nf8
17.f3 exf3 18.Nxf3 N8h7 19.e4 Ba5 20.e5 Bxc3 21.Qxc3 Nd5 22.Qc2 Nf8 23.Bd3 Ne6
24.Rf1 Rd8 25.Bc4 Nef4 26.Bxf4 Nxf4 27.Qe4 Be6 28.Qxf4 Bxc4 29.Rf2 Rd7 30.Nd2  1/2-1/2

[Event "Cairo-B"]
[Site "Cairo"]
[Date "1997.??.??"]
[Round "2"]
[White "Afifi, Assem"]
[Black "Yasseen, Aly"]
[Result "1-0"]
[WhiteElo "2340"]
[BlackElo "2370"]

1.d4 d5 2.Nf3 Nf6 3.c4 c6 4.Nc3 e6 5.e3 Nbd7 6.Qc2 Bd6 7.Bd2 O-O 8.Be2 Re8
9.O-O-O e5 10.cxd5 Nxd5 11.Nxd5 cxd5 12.dxe5 Bxe5 13.Nxe5 Nxe5 14.Bc3 Nc6
15.Bf3 Be6 16.Kb1 Qd7 17.Ka1 Red8 18.Rd2 b5 19.Rhd1 b4 20.Bd4 Na5 21.b3 Rac8
22.Qb2 f6 23.Rc1 Rxc1+ 24.Qxc1 Qb7 25.Qc5 Rc8 26.Qxa5 Rc1+ 27.Kb2 Qc6 28.Qd8+ Kf7
29.Bh5+ g6 30.Qxf6+ Ke8 31.Qh8+  1-0

[Event "Cairo-C op"]
[Site "Cairo"]
[Date "1997.??.??"]
[Round "3"]
[White "Al Ashhab, Saamer"]
[Black "Hamam, Reda"]
[Result "1-0"]
[WhiteElo "2275"]
[BlackElo "2320"]

1.d4 Nf6 2.c4 e6 3.Nf3 d5 4.Nc3 c6 5.e3 Nbd7 6.Bd3 Bd6 7.O-O O-O 8.Qc2 dxc4
9.Bxc4 e5 10.Rd1 Qe7 11.Bd3 g6 12.Ng5 Nd5 13.Nge4 Nb4 14.Qe2 Nxd3 15.Qxd3 Nb6
16.Nxd6 Qxd6 17.Ne4 Qe7 18.dxe5 Bf5 19.Nf6+ Qxf6 20.exf6 Bxd3 21.Rxd3 Rad8
22.Rxd8 Rxd8 23.Kf1 Nd5 24.e4 Nb4 25.Bg5 Kf8 26.a3 Nd3 27.Ke2 Nc5 28.f3 Ne6
29.Be3 a6 30.g4 Ke8 31.f4 Rd6 32.f5 gxf5 33.gxf5 Nd8 34.Bb6 c5 35.Bxd8 Rxd8
36.Rd1 Rc8 37.e5 c4 38.Rg1 Rc5 39.Rg8+ Kd7 40.e6+  1-0